00624 2200217 4500001002100000005001700021008004100038020001800079035002500097040001200122082001100134084001700145100002100162245008700183250001100270260003100281300003000312500003100342650002100373850001200394INLIS00000000000792420150709135448.0 ind  a979-21-0187-X a0010-071500000000607 aYOPDYOG a631.86 a631.86 Sut P aSUTANTO, Rakhman aPertanian Organik Menuju Pertanian alternatif dan Berkelanjutanc/ Rachman Sutanto aCet. 1 aYogyakartabKanisiusc2002 a218 hlmb: ilus.c; 22 cm aBibliografi : hlm. 207-218 aTeknik Pertanian aYOPDYOG